000
00219 a2200097 4500
001
47588
100
_a
Strategicus
245
_a
To stallingrad and alamuin
260
_a
London
_b
Faber & Faber
_c
090
_c
30601
_d
30601
942
_a
NUST-CAE
_c
M
_c
22894
999
_c
282661
_d
282661